عرض عادي
عرض مارك
- Applied linguistics
مدخل مصطلح موضوعي
001 - رقم الضبط
- حقل الضبط: 48227
003 - معرف رقم الضبط
- حقل الضبط: OSt
005 - تاريخ ووقت أخر عملية
- حقل الضبط: 20150707102604.0
008 - عناصر بيانات ثابتة الطول
- حقل تحكم ثابت الطول: 150707|| aca||aabn | a|a d
040 ## - مصدر الفهرسة
- هيئة الفهرسة الأصلية: OSt
- وكالة الكتابة: OSt
150 ## - مدخل-- مصطلح تاريخي
- عنصر مدخل المصطلح الموضوعي او الاسم الجغرافي: Applied linguistics
- تفريع شكلي: Dictionaries.
670 ## - بيانات المصدر موجوده
- الاستشهاد بالمصدر: Work cat.: (OSt)0: Richards, Jack C., 1943- 48225, Longman dictionary of language teaching and applied linguistics /, 2010.
